000 00526nam a22001817a 4500
003 NUST - PNEC
005 20170116180959.0
008 150912b xxu||||| |||| 00| 0 eng d
020 _a0849373824
020 _a9780849373824
040 _cLIBRARY
082 _a621.3822 WEL
100 _99437
_aWelch, Thad B.
245 _aReal-time digital signal processing from MATLAB to C with the TMS320C6x DSK
_cThad B. Welch
260 _cc.2006
650 _99439
_aSignal processing--Digital techniques
_xMIS
942 _2ddc
_cBK
999 _c66656
_d66656